000 004330000a22001810004500
003 LK-CoMWRAF
008 230817t ||||| |||| 00| 0 eng d
040 _aLK-CoMWRAF
_dLK-CoMWRAF
_eLK-CoMWRAF
041 _aeng
082 _a092
_bTAG
100 _aTagore, Rabindranath
245 _aKani Koithal
_b
260 _bStar Publications
_aTrichinopoly
_c1947
300 _ap.144
650 _aPoetry
650 _aTamil
942 _cBK
999 _c1896
_d1896